[Event "VIE-ch U09"]
[Site "Hai Phong"]
[Date "2018.07.09"]
[Round "4"]
[White "Truong, Gia Phat"]
[Black "Le, Quang Manh"]
[Result "1/2-1/2"]
[WhiteElo "1950"]
[BlackElo "1916"]
[PlyCount "55"]
[EventDate "2018.07.07"]
[EventType "swiss"]
[EventRounds "9"]
[EventCountry "VIE"]
[SourceTitle "EXT 2019"]
[Source "ChessBase"]
[SourceDate "2018.10.10"]
[SourceVersion "1"]
[SourceVersionDate "2018.10.10"]
[SourceQuality "1"]

1. e4 c5 2. Nc3 e6 3. g3 b6 4. Bg2 Bb7 5. d3 h6 6. Be3 Nf6 7. h3 d5 8. f4 d4 9. Bd2 dxc3 10. Bxc3 Be7 11. Nf3 0-0 12. 0-0 Nc6 13. Qd2 Qc7 14. Ne5 Nd7 15. Nxd7 Qxd7 16. f5 exf5 17. exf5 Nd4 18. Be4 Bxe4 19. dxe4 Qb7 20. Bxd4 cxd4 21. Rad1 Rac8 22. e5 Bc5 23. Kh2 Rcd8 24. f6 Kh7 25. fxg7 Kxg7 26. Rf6 Rh8 27. Qf4 Rdg8 28. Rf1 1/2-1/2

[Event "VIE-ch U09"]
[Site "Hai Phong"]
[Date "2018.07.07"]
[Round "1"]
[White "Mai, Nguyen Xuan Uy"]
[Black "Truong, Gia Phat"]
[Result "0-1"]
[WhiteElo "1924"]
[BlackElo "1950"]
[PlyCount "24"]
[EventDate "2018.07.07"]
[EventType "swiss"]
[EventRounds "9"]
[EventCountry "VIE"]
[SourceTitle "EXT 2019"]
[Source "ChessBase"]
[SourceDate "2018.10.10"]
[SourceVersion "1"]
[SourceVersionDate "2018.10.10"]
[SourceQuality "1"]

1. d4 d5 2. c4 e6 3. Nc3 c5 4. e3 Nc6 5. dxc5 Bxc5 6. cxd5 exd5 7. Qxd5 Qe7 8. Nge2 Nf6 9. Qb3 Be6 10. Qc2 Nb4 11. Qd1 Rd8 12. Bd2 Nd3# 0-1